00427nam a2200181 a 4500001001300000003000900013005001700022008004100039020001000080082001400090100001700104245001900121260003500140300000800175500003500183505001000218700001700228nice12345678IN_TiNIC20260116011404.0050524s1887 alla grp 000 0 urd  ac10000a201bIMA1 aImaddudin, M aIntesabul Imad aAllahabadbMission Pressc1887 a68p aincludes index and biblioraphy2 aIndex1 aImaddudin, M